000 01310nam a2200361 i 4500
001 000003014
003 DO-SdBNP
005 20260522083802.0
007 ta
008 090706s2000 dr r 000 0 spa d
040 _aDO-SdBNP
_bspa
_cBNPHU
_erda
041 _aspa
082 4 _a339.46
_bS237p
_222
100 1 _aSantos, Gedeón,
_eautor
_4aut.
_99557
245 1 3 _aEl PLD frente a la pobreza y la globalización /
_cGedeón, Santos ; prólogo, Danilo Medina ; [recomendación de Dr. Leonel Fernández].
264 _aSanto Domingo :
_bImpretur,
_c2000.
300 _a187 páginas ;
_c21 cm.
336 _atexto
_btxt
_2rdacontent
337 _asin mediación
_bn
_2rdamedia
338 _avolumen
_bnc
_2rdacarrier
500 _aIncluye referencias bibliográficas y notas al pie de las páginas
590 _aInventariado, 2018/BT
610 2 4 _aPartido de la Liberación Dominicana
_984492
650 4 _aGlobalización
_91524
650 4 _aNeoliberalismo
_91531
650 4 _aPobreza
_91525
651 4 _aRepública Dominicana
_xCondiciones económicas
_9281
651 4 _aRepública Dominicana
_xCondiciones sociales
_946
700 1 _aMedina, Danilo,
_eprologuista
_4pr.
_99559
700 1 _aFernández, Leonel,
_d1953-
_97291
910 _aValidado. Control de calidad. MMOLINA
942 _2ddc
_cLBS1
999 _c2846
_d2846